Estadísticas para Países europeos: escriba la primera letra

Haz click aquí para intentar la prueba.

Estadísticas generales

  • Esta prueba ha sido intentada 240 veces
  • La puntuación promedio es 27 de 45

Respuestas en el mapa

Las respuestas están codificadas por una escala verde-roja en el mapa de la prueba según el % correcto abajo.
 

Estadísticas de respuestas

país% Correcto
Alemania
72%
España
72%
Croacia
70%
Italia
68%
Montenegro
68%
Rumania
68%
Albania
66%
Bulgaria
66%
Reino Unido
66%
San Marino
66%
Bosnia y Herzegovina
64%
Francia
64%
Luxemburgo
64%
Polonia
64%
Hungría
62%
Irlanda
62%
Países Bajos
62%
Bielorrusia
60%
Dinamarca
60%
Eslovenia
60%
Grecia
60%
Lituania
60%
Moldavia
60%
Portugal
60%
Rusia
60%
Suiza
60%
Andorra
58%
Austria
58%
Chequia
58%
Eslovaquia
58%
Kosovo
58%
Liechtenstein
58%
Serbia
58%
Ucrania
58%
Ciudad del Vaticano
56%
Estonia
56%
Finlandia
56%
Macedonia del Norte
56%
Mónaco
56%
Letonia
54%
Suecia
54%
Bélgica
52%
Noruega
52%
Islandia
46%
Malta
44%

Distribución de puntuación

Porcentaje por número respondido

Porcentaje de gente con cada puntuación

Historial de tus puntuaciones

No has intentado esta prueba.